00355nam a2200145Ia 4500008004100000020001500041041001200056082001600068100001800084245004700102250000900149260002500158300000800183650001800191221030s9999 xx 000 0 und d a8120328752 aEnglish a105.23bRob aS. P. Robbins 0aOrganizational Behaviourcby S. P. Robbins a11th bPHIaNew Delhic2006 a649 aBE Management